000 01168nam a2200325 i 4500
001 000040270
003 DO-SdBNP
005 20260413105402.0
007 ta
008 130821s1981 dr 000 0 spa d
040 _aDO-SdBNP
_bspa
_cBNPHU
_erda
041 _aspa
082 4 _aRD863.44
_bS787c
_222
100 1 _aStanley, Avelino,
_d1959-
_91536
_4aut.
_eautor
245 1 0 _aCuentos :
_bprimera obra narrativa de autores romanenses /
_cAvelino Stanley Rondón, Miguel Ángel Gómez ; nota introductoria, Frank Núñez
264 _aSanto Domingo, República Dominicana :
_bEditora Taller,
_c1981.
300 _a55 páginas ;
_c21 cm.
336 _atexto
_btxt
_2rdacontent
337 _asin mediación
_bn
_2rdamedia
338 _avolumen
_bnc
_2rdacarrier
490 0 _aBiblioteca Taller
_v127
500 _aIncluye datos biográficos de los autores en la contracubierta
590 _aInventariado, 2026/MFF
650 7 _aCuentos dominicanos
_2LEMB
650 7 _aLiteratura dominicana
_2LEMB
700 1 _aGómez, Miguel Ángel
_923560
_4aut.
_eautor
700 1 _aNúñez, Frank
_914866
910 _aValidado. Control de calidad MFF
942 _2ddc
_cLBS1
999 _c39760
_d39760